[Event "SK Neumarkt 1-SG Kirchehren./Eberm. 1"]
[Site "?"]
[Date "2014.10.12"]
[Round "2.1"]
[White "Kuhmann, Peter"]
[Black "Beesk, Kevin"]
[Result "0-1"]
[WhiteElo "1843"]
[BlackElo "1992"]
[PlyCount "66"]
[EventDate "2014.??.??"]
[WhiteTeam "SG Kirchehren./Eberm. 1"]
[BlackTeam "SK Neumarkt 1"]

1. Nc3 c5 2. e4 e6 3. f4 Nc6 4. Nf3 Nge7 5. d4 cxd4 6. Nb5 d5 7. exd5 Nxd5 8.
Nbxd4 Bb4+ 9. Kf2 Bc5 10. Bb5 O-O 11. Bxc6 bxc6 12. Re1 Qc7 13. g3 a5 14. Kg2
Bb7 15. c4 Nf6 16. Be3 Rad8 17. Qc2 Qb6 18. Rad1 Rd7 19. Bg1 Rfd8 20. Nb3 Bxg1
21. Rxd7 Rxd7 22. c5 Bxc5 23. Qxc5 Qb5 24. Qa7 g6 25. Qxa5 Qxa5 26. Nxa5 Ba8
27. Rc1 c5 28. Kf2 Rd3 29. Ne5 Rd2+ 30. Ke3 Rxb2 31. Rxc5 Bh1 32. Rc8+ Kg7 33.
Rc7 Nd5+ 0-1

[Event "SK Neumarkt 1-SG Kirchehren./Eberm. 1"]
[Site "?"]
[Date "2014.10.12"]
[Round "2.2"]
[White "Gallardo Estrella, Alvaro"]
[Black "Pokorny, Klaus"]
[Result "1/2-1/2"]
[WhiteElo "2055"]
[BlackElo "1736"]
[PlyCount "83"]
[EventDate "2014.??.??"]
[WhiteTeam "SK Neumarkt 1"]
[BlackTeam "SG Kirchehren./Eberm. 1"]

1. d4 Nf6 2. c4 e6 3. Nc3 d5 4. Bf4 c6 5. c5 Nbd7 6. Nf3 Ne4 7. h3 f6 8. e3 e5
9. Bh2 Nxc3 10. bxc3 e4 11. Nd2 Be7 12. Be2 O-O 13. Qb3 Kh8 14. c4 dxc4 15.
Nxc4 b6 16. Nd6 Bxd6 17. Bxd6 Re8 18. O-O bxc5 19. dxc5 Ne5 20. Qa4 Bd7 21.
Qxe4 Nf7 22. Qd4 Ng5 23. Rfd1 Re4 24. Qb2 Qc8 25. Rab1 Bxh3 26. gxh3 Qxh3 27.
Qb8+ Re8 28. Qc7 Rac8 29. Qb7 h5 30. Rd4 Rxe3 31. fxe3 Qxe3+ 32. Kf1 Re8 33.
Qb2 Nh3 34. Ke1 Ng1 35. Bf4 Nf3+ 36. Kd1 Qg1+ 37. Kc2 Rxe2+ 38. Rd2 Qxc5+ 39.
Qc3 Qf5+ 40. Qd3 Qc5+ 41. Qc3 Qf5+ 42. Qd3 1/2-1/2

[Event "SK Neumarkt 1-SG Kirchehren./Eberm. 1"]
[Site "?"]
[Date "2014.10.12"]
[Round "2.3"]
[White "Friedrich, Heinrich"]
[Black "Simon, Martin"]
[Result "0-1"]
[WhiteElo "1915"]
[BlackElo "1926"]
[PlyCount "84"]
[EventDate "2014.??.??"]
[WhiteTeam "SG Kirchehren./Eberm. 1"]
[BlackTeam "SK Neumarkt 1"]

1. e4 Nc6 2. Nf3 e5 3. Bb5 a6 4. Ba4 Nf6 5. O-O b5 6. Bb3 Be7 7. Re1 d6 8. c3
Bg4 9. d3 O-O 10. Nbd2 Na5 11. Bc2 c5 12. Nf1 Ne8 13. h3 Be6 14. g4 h5 15. N3h2
Qd7 16. Ng3 h4 17. Nf5 g5 18. Nf3 f6 19. Qd2 Bd8 20. Kh2 d5 21. Qe2 Ng7 22. Rg1
Qc7 23. Bd2 c4 24. Kh1 Qc6 25. N3xh4 cxd3 26. Bxd3 gxh4 27. Nh6+ Kh8 28. f3
dxe4 29. fxe4 Bc4 30. Bxc4 Qxc4 31. Qe3 Ne6 32. Raf1 Ng5 33. Re1 Kh7 34. Nf5
Rh8 35. b3 Qe6 36. Nxh4 Kg8 37. Qg3 Ra7 38. Bxg5 fxg5 39. Nf3 Rah7 40. h4 Rxh4+
41. Nxh4 Rxh4+ 42. Qxh4 gxh4 0-1

[Event "SK Neumarkt 1-SG Kirchehren./Eberm. 1"]
[Site "?"]
[Date "2014.10.12"]
[Round "2.4"]
[White "Bothe, Matthias"]
[Black "Kotz, Roland"]
[Result "1-0"]
[WhiteElo "1823"]
[BlackElo "1633"]
[PlyCount "103"]
[EventDate "2014.??.??"]
[WhiteTeam "SK Neumarkt 1"]
[BlackTeam "SG Kirchehren./Eberm. 1"]

1. c4 g6 2. g3 Bg7 3. Bg2 Nc6 4. Nc3 f5 5. Nf3 e5 6. d3 Nf6 7. O-O h6 8. Rb1
O-O 9. b4 d6 10. b5 Ne7 11. Bd2 a5 12. bxa6 Rxa6 13. Qb3 Kh7 14. c5 e4 15. cxd6
Rxd6 16. Ne1 Rb6 17. Qc2 Rxb1 18. Qxb1 Nc6 19. Nb5 Re8 20. e3 b6 21. Bc3 Ba6
22. Bxf6 Bxf6 23. dxe4 fxe4 24. Nc2 Re5 25. a4 Bxb5 26. axb5 Na7 27. Nd4 Qe8
28. Rc1 Bd8 29. Bf1 h5 30. Qb3 Kh6 31. Ra1 Nc8 32. Nc6 Rc5 33. Ra8 Qd7 34. Qg8
Rc1 35. Qh8+ Kg5 36. Qxd8+ Qxd8 37. Nxd8 Nd6 38. Kg2 Rc2 39. Ne6+ Kf6 40. Nd4
Rb2 41. h4 Rb1 42. Ra2 Ke7 43. Rc2 Kd7 44. Bc4 Nxc4 45. Rxc4 Rb2 46. Rc6 Rxb5
47. Rxc7+ Kxc7 48. Nxb5+ Kc6 49. Nd4+ Kc5 50. f3 exf3+ 51. Kxf3 b5 52. Ke4 1-0

[Event "SK Neumarkt 1-SG Kirchehren./Eberm. 1"]
[Site "?"]
[Date "2014.10.12"]
[Round "2.5"]
[White "Schneider, Norbert"]
[Black "Kipferl, Wolfgang"]
[Result "0-1"]
[WhiteElo "1690"]
[BlackElo "1861"]
[PlyCount "118"]
[EventDate "2014.??.??"]
[WhiteTeam "SG Kirchehren./Eberm. 1"]
[BlackTeam "SK Neumarkt 1"]

1. Nf3 d5 2. d4 Nf6 3. g3 e6 4. Bg2 c5 5. O-O Nc6 6. c3 h6 7. Nbd2 Be7 8. a3 c4
9. Re1 O-O 10. e4 b5 11. e5 Ne8 12. Nf1 a5 13. h4 Nc7 14. Be3 Rb8 15. N3h2 f5
16. h5 Bd7 17. Qd2 Be8 18. Bf3 Bf7 19. Kh1 Qe8 20. Qe2 Kh7 21. g4 g5 22. hxg6+
Bxg6 23. Qd2 h5 24. gxh5 Bxh5 25. Qe2 Bg6 26. Bf4 b4 27. Ng3 bxc3 28. bxc3 Rb3
29. Bd2 Rh8 30. Kg2 Nb5 31. Bh5 Nxc3 32. Qe3 Bxh5 33. Qh6+ Kg8 34. Qxe6+ Bf7
35. Qxf5 Rh4 36. Ng4 Nxd4 37. Nf6+ Bxf6 38. Qxf6 Rh7 39. Rh1 Rg7 40. Rh4 Ne4
41. Qh6 Rgxg3+ 42. fxg3 Rxg3+ 43. Kh1 Nf2+ 44. Kh2 Qxe5 45. Bf4 Rh3+ 46. Rxh3
Ng4+ 47. Kg3 Nf5+ 48. Kf3 Qc3+ 49. Kg2 Qb2+ 50. Kf3 Ngxh6 51. Rg1+ Kh7 52. Rg5
Qxa3+ 53. Kg2 Qb2+ 54. Kh1 Qb1+ 55. Kh2 Qc2+ 56. Kg1 Qd1+ 57. Kh2 Qe2+ 58. Kg1
Qe4 59. Rg4 d4 0-1

[Event "SK Neumarkt 1-SG Kirchehren./Eberm. 1"]
[Site "?"]
[Date "2014.10.12"]
[Round "2.6"]
[White "Schilay, Lorenz"]
[Black "Lindner, Christoph"]
[Result "1-0"]
[WhiteElo "1732"]
[BlackElo "1729"]
[PlyCount "61"]
[EventDate "2014.??.??"]
[WhiteTeam "SK Neumarkt 1"]
[BlackTeam "SG Kirchehren./Eberm. 1"]

1. e4 e5 2. Nf3 Nc6 3. Nc3 Nf6 4. a3 a6 5. d4 exd4 6. Nxd4 Nxd4 7. Qxd4 d6 8.
Bc4 Be7 9. Bd2 O-O 10. O-O h6 11. Rae1 Bd7 12. f4 Bc6 13. Rf3 b6 14. b4 Bb7 15.
f5 Nd7 16. Bf4 Bf6 17. Qd3 Ne5 18. Bxe5 Bxe5 19. Nd5 a5 20. b5 Bxh2+ 21. Kf2
Be5 22. Ke2 c6 23. bxc6 Bxc6 24. f6 Bxd5 25. Bxd5 Rc8 26. fxg7 Kxg7 27. Ref1 f6
28. c4 Qd7 29. Rf5 b5 30. Rh1 bxc4 31. Qh3 1-0

[Event "SK Neumarkt 1-SG Kirchehren./Eberm. 1"]
[Site "?"]
[Date "2014.10.12"]
[Round "2.8"]
[White "Niebler, Andreas"]
[Black "Seel, Manfred"]
[Result "1-0"]
[WhiteElo "1801"]
[BlackElo "1545"]
[PlyCount "133"]
[EventDate "2014.??.??"]
[WhiteTeam "SK Neumarkt 1"]
[BlackTeam "SG Kirchehren./Eberm. 1"]

1. d4 Nf6 2. c4 b6 3. Nc3 Bb7 4. f3 d5 5. cxd5 Nxd5 6. e4 Nxc3 7. bxc3 e6 8.
Be3 Be7 9. Bd3 O-O 10. Ne2 Nd7 11. O-O c5 12. Qd2 Qc7 13. a4 Rfd8 14. Rfc1 Nf6
15. Qe1 Rd7 16. Bf4 Qc8 17. g4 h6 18. Qg3 Bc6 19. Qh3 Nh7 20. Qg3 Bg5 21. Bxg5
Nxg5 22. h4 Nh7 23. Kf2 Qb8 24. Qxb8+ Rxb8 25. Rcb1 Rdd8 26. Bb5 Be8 27. Rb2
Nf6 28. Ke3 g5 29. hxg5 hxg5 30. Rd2 Rbc8 31. Rad1 Bxb5 32. axb5 cxd4+ 33. Rxd4
Rxd4 34. Rxd4 Rc5 35. c4 e5 36. Rd8+ Kg7 37. Kd3 Rc7 38. Ng3 Nd7 39. Nh5+ Kh7
40. Kc3 Nc5 41. Nf6+ Kg6 42. Nd5 Rb7 43. Rg8+ Kh6 44. Re8 Ne6 45. Re7 Rxe7 46.
Nxe7 Nd4 47. Nf5+ Nxf5 48. exf5 Kg7 49. c5 bxc5 50. Kc4 Kf6 51. Kxc5 e4 52.
fxe4 Ke5 53. Kc6 Kxe4 54. Kb7 Kf4 55. Kxa7 Kxg4 56. b6 Kxf5 57. b7 Kg4 58. b8=Q
f5 59. Qc8 Kf4 60. Qc1+ Kg4 61. Qg1+ Kf4 62. Qf2+ Kg4 63. Kb6 f4 64. Kc5 f3 65.
Kd4 Kf4 66. Qh2+ Kg4 67. Ke3 1-0

[Event "SG Muehlhof-R'dorf/Schw. 1-SK Schwanste"]
[Site "?"]
[Date "2014.10.12"]
[Round "2.2"]
[White "Greul, Hans"]
[Black "Kroneder, Christian"]
[Result "1/2-1/2"]
[WhiteElo "1996"]
[BlackElo "2054"]
[PlyCount "50"]
[EventDate "2014.??.??"]
[WhiteTeam "SG Mühlhof-R'dorf/Schw. 1"]
[BlackTeam "SK Schwanstetten 1"]

1. d4 d5 2. Nf3 Nf6 3. e3 c6 4. c4 a6 5. Qb3 b5 6. cxd5 cxd5 7. a4 bxa4 8.
Qxa4+ Bd7 9. Qb3 Nc6 10. Bd2 Rb8 11. Qa2 Qb6 12. Qxa6 Qxa6 13. Rxa6 Rxb2 14.
Bd3 e6 15. O-O Be7 16. Rc1 Nb8 17. Ra8 O-O 18. Bc3 Rb7 19. Ne5 Bb5 20. Ba5 Bxd3
21. Nxd3 Nc6 22. Rxf8+ Bxf8 23. Be1 g6 24. Nc3 Rb3 25. Kf1 Bg7 1/2-1/2

[Event "SG Muehlhof-R'dorf/Schw. 1-SK Schwanste"]
[Site "?"]
[Date "2014.10.12"]
[Round "2.3"]
[White "Cipra, Lothar"]
[Black "Mehwald, Thomas"]
[Result "1/2-1/2"]
[WhiteElo "1933"]
[BlackElo "1947"]
[PlyCount "112"]
[EventDate "2014.??.??"]
[WhiteTeam "SK Schwanstetten 1"]
[BlackTeam "SG Mühlhof-R'dorf/Schw. 1"]

1. d4 Nf6 2. c4 c5 3. d5 b5 4. cxb5 a6 5. bxa6 Bxa6 6. Nc3 d6 7. e4 Bxf1 8.
Kxf1 g6 9. Nf3 Nbd7 10. g3 Bg7 11. Kg2 O-O 12. Re1 Ng4 13. Qc2 Qa5 14. Bd2 Qa6
15. Nd1 Nge5 16. Nxe5 Nxe5 17. Bc3 Qc4 18. Ne3 Qd3 19. Red1 Qxc2 20. Nxc2 Nc4
21. Bxg7 Kxg7 22. b3 Na3 23. Nxa3 Rxa3 24. Rd2 Rb8 25. Rc1 Rba8 26. Rcc2 R8a6
27. Re2 f6 28. f4 Kf7 29. g4 h6 30. Rf2 g5 31. e5 gxf4 32. e6+ Kg6 33. Kf3 R6a4
34. h4 Rd4 35. Rfd2 Rxd2 36. Rxd2 c4 37. Rb2 cxb3 38. axb3 h5 39. gxh5+ Kxh5
40. Kxf4 Ra5 41. Rd2 Rb5 42. Rd3 Kxh4 43. Kf5 Rb8 44. Kg6 Kg4 45. Rd4+ Kf3 46.
b4 Rb7 47. Rh4 Ke3 48. Rc4 Kd3 49. Rc8 Kd4 50. Re8 Kxd5 51. Kf7 f5 52. Rxe7
Rxb4 53. Ra7 f4 54. Ra5+ Ke4 55. e7 Rb8 56. Ra4+ Ke3 1/2-1/2

[Event "SG Muehlhof-R'dorf/Schw. 1-SK Schwanste"]
[Site "?"]
[Date "2014.10.12"]
[Round "2.4"]
[White "Reuter, Roland"]
[Black "Arlt, Michael"]
[Result "1/2-1/2"]
[WhiteElo "1934"]
[BlackElo "1884"]
[PlyCount "82"]
[EventDate "2014.??.??"]
[WhiteTeam "SG Mühlhof-R'dorf/Schw. 1"]
[BlackTeam "SK Schwanstetten 1"]

1. Nf3 d5 2. c4 e6 3. d4 Nf6 4. Nc3 dxc4 5. e3 c5 6. Bxc4 cxd4 7. Nxd4 Be7 8.
O-O a6 9. Qf3 Qc7 10. Bb3 Bd7 11. Bd2 Nc6 12. Rac1 O-O 13. h3 Rac8 14. Rfd1
Rfd8 15. Be1 Qb8 16. Qe2 b5 17. Bc2 Nxd4 18. exd4 Bc6 19. f3 Nh5 20. Ne4 Bd5
21. Qf2 Nf6 22. a3 Qb6 23. Bc3 a5 24. Kh1 b4 25. axb4 axb4 26. Be1 b3 27. Bb1
Rxc1 28. Rxc1 Bxe4 29. fxe4 Qxd4 30. Rc8 Qxf2 31. Rxd8+ Bxd8 32. Bxf2 Bc7 33.
Bd4 Nd7 34. Bd3 e5 35. Bf2 Kf8 36. Bc4 Ke7 37. Bxb3 Bb6 38. Bxb6 Nxb6 39. Kg1
f6 40. Kf2 Kd6 41. Ke3 Kc5 1/2-1/2

[Event "SG Muehlhof-R'dorf/Schw. 1-SK Schwanste"]
[Site "?"]
[Date "2014.10.12"]
[Round "2.5"]
[White "Schulz, Wilfried"]
[Black "Leis, Stefan"]
[Result "1/2-1/2"]
[WhiteElo "1855"]
[BlackElo "1888"]
[PlyCount "104"]
[EventDate "2014.??.??"]
[WhiteTeam "SK Schwanstetten 1"]
[BlackTeam "SG Mühlhof-R'dorf/Schw. 1"]

1. e4 c5 2. Nc3 e6 3. Nge2 Nc6 4. g3 Nf6 5. Bg2 Be7 6. O-O O-O 7. h3 d5 8. exd5
Nxd5 9. Nxd5 exd5 10. d4 cxd4 11. Nxd4 Nxd4 12. Qxd4 Bf6 13. Qxd5 Qxd5 14. Bxd5
Bxh3 15. Bxb7 Rab8 16. Bg2 Bf5 17. c3 Rfe8 18. Bf3 g5 19. g4 Bc2 20. Kg2 a5 21.
a4 Rb6 22. Bd5 Rd6 23. Bf3 Rb6 24. Bd5 Re5 25. Bf3 Be7 26. Be3 Rxb2 27. Bd4 Re6
28. Rfe1 Bb3 29. c4 Rd2 30. Be3 Rc2 31. Bd5 Bxc4 32. Bxe6 fxe6 33. Rac1 Bd5+
34. Kg1 Ra2 35. Ra1 Kf7 36. Rec1 Rxa1 37. Rxa1 Bf6 38. Rc1 Bb3 39. Rc5 Bxa4 40.
Rxa5 Bd1 41. Bxg5 Bxg4 42. Bxf6 Kxf6 43. Kg2 Bf5 44. Kg3 Bc2 45. Kf4 Bb1 46.
Rh5 Bf5 47. Rh6+ Bg6 48. Kg4 Ke5 49. Kg5 Ke4 50. f4 Bf5 51. Rh1 Kf3 52. Rh6 Ke4
1/2-1/2

[Event "SG Muehlhof-R'dorf/Schw. 1-SK Schwanste"]
[Site "?"]
[Date "2014.10.12"]
[Round "2.6"]
[White "Dietrich, Jochen"]
[Black "Arlt, Birgit"]
[Result "1-0"]
[WhiteElo "1884"]
[BlackElo "1585"]
[PlyCount "99"]
[EventDate "2014.??.??"]
[WhiteTeam "SG Mühlhof-R'dorf/Schw. 1"]
[BlackTeam "SK Schwanstetten 1"]

1. Nf3 d5 2. g3 Nc6 3. Bg2 Nf6 4. d3 Bf5 5. Nbd2 e6 6. O-O Be7 7. c4 O-O 8. Nh4
Bg4 9. h3 Bh5 10. g4 Bg6 11. Nxg6 fxg6 12. Nf3 Rb8 13. Rb1 Bd6 14. a3 Ne7 15.
b4 c6 16. Bb2 h5 17. g5 Nd7 18. c5 Bc7 19. Nd4 Qc8 20. Nxe6 Rf7 21. e4 Ne5 22.
Nxc7 Qxc7 23. f4 Nd7 24. Qd2 Rbf8 25. Qc3 a6 26. Rf3 Qd8 27. Rbf1 Qe8 28. h4
dxe4 29. dxe4 Kh7 30. Bh3 Kg8 31. Be6 Kh8 32. f5 gxf5 33. exf5 Nd5 34. Qd2 Re7
35. Bxd5 cxd5 36. f6 gxf6 37. gxf6 Qg6+ 38. Kh1 Ref7 39. Qxd5 Rg8 40. Rf5 Nf8
41. Rg5 Qc2 42. Qxf7 Qe4+ 43. Kg1 Qe3+ 44. Rf2 Qe1+ 45. Kg2 Qe4+ 46. Rf3 Rxg5+
47. hxg5 Qg4+ 48. Kf2 Qh4+ 49. Ke2 Qe4+ 50. Kd2 1-0

[Event "SG Muehlhof-R'dorf/Schw. 1-SK Schwanste"]
[Site "?"]
[Date "2014.10.12"]
[Round "2.7"]
[White "Pohl, Steffen"]
[Black "Proeschel, Gerhard"]
[Result "1/2-1/2"]
[WhiteElo "1823"]
[BlackElo "1825"]
[PlyCount "63"]
[EventDate "2014.??.??"]
[WhiteTeam "SK Schwanstetten 1"]
[BlackTeam "SG Mühlhof-R'dorf/Schw. 1"]

1. e4 c5 2. d4 cxd4 3. c3 dxc3 4. Nxc3 Nc6 5. Nf3 d6 6. Bc4 e6 7. O-O Nf6 8.
Qe2 a6 9. Rd1 Qc7 10. Bf4 Ne5 11. Bxe5 dxe5 12. Rac1 Bd7 13. Bb5 Rc8 14. Bxd7+
Nxd7 15. Qd2 Qd8 16. Ng5 Be7 17. Nxf7 Kxf7 18. Qxd7 Qxd7 19. Rxd7 b5 20. Rcd1
Rc6 21. a3 Rhc8 22. Ra7 R8c7 23. Rxc7 Rxc7 24. Kf1 Rc4 25. f3 Kf6 26. Rc1 a5
27. Ne2 Rxc1+ 28. Nxc1 Bc5 29. Ke2 Bd4 30. Nd3 Ke7 31. b3 Kd6 32. a4 1/2-1/2

[Event "SG Muehlhof-R'dorf/Schw. 1-SK Schwanste"]
[Site "?"]
[Date "2014.10.12"]
[Round "2.8"]
[White "Hetzner, Helmut"]
[Black "Schemm, Helmut"]
[Result "1-0"]
[WhiteElo "1859"]
[BlackElo "1570"]
[PlyCount "69"]
[EventDate "2014.??.??"]
[WhiteTeam "SG Mühlhof-R'dorf/Schw. 1"]
[BlackTeam "SK Schwanstetten 1"]

1. e4 e5 2. Nf3 Nc6 3. Bc4 Bc5 4. c3 Nf6 5. d4 exd4 6. e5 d5 7. Bb5 Ne4 8. cxd4
Bb4+ 9. Kf1 Be7 10. Nc3 Nxc3 11. bxc3 Be6 12. h4 Qd7 13. Bg5 h6 14. Bf4 a6 15.
Bd3 Na5 16. Nd2 c5 17. Be3 c4 18. Be2 b5 19. a3 g6 20. g4 Qd8 21. f4 Qd7 22. h5
O-O-O 23. a4 b4 24. cxb4 Bxb4 25. Rg1 Kb8 26. Qb1 Nc6 27. hxg6 fxg6 28. Qxg6
Rdg8 29. Qh5 Nxd4 30. Rb1 a5 31. Bxd4 Ka8 32. Rd1 Bf7 33. Qh1 h5 34. Nxc4 hxg4
35. Nb6+ 1-0

[Event "SC Heideck/Hilpoltstein 1-SC 48/88 Erla"]
[Site "?"]
[Date "2014.10.12"]
[Round "2.1"]
[White "Zhao, Kevin"]
[Black "Fink, Martin"]
[Result "1-0"]
[WhiteElo "2006"]
[BlackElo "1847"]
[PlyCount "107"]
[EventDate "2014.??.??"]
[WhiteTeam "SC 48/88 Erlangen 3"]
[BlackTeam "SC Heideck/Hilpoltstein 1"]

1. e4 c5 2. Nf3 Nc6 3. d4 cxd4 4. Nxd4 Nf6 5. Nc3 e5 6. Ndb5 d6 7. Bg5 a6 8.
Bxf6 gxf6 9. Na3 b5 10. Nd5 Bg7 11. c3 O-O 12. Qd3 Re8 13. O-O-O f5 14. Kb1
fxe4 15. Qxe4 Qd7 16. Nb6 Qf5 17. Bd3 Qxe4 18. Bxe4 d5 19. Bxd5 Bf5+ 20. Ka1
Rab8 21. Bxc6 Re6 22. Nd7 Rd8 23. Bf3 e4 24. g4 Bg6 25. Bg2 b4 26. cxb4 e3 27.
Nc5 Red6 28. Rxd6 Rxd6 29. Nc4 Rd4 30. Nxe3 Rxb4 31. Nb3 a5 32. Nd5 Rxg4 33.
Bf3 Rg5 34. Ne7+ Kf8 35. Nxg6+ fxg6 36. Kb1 Rf5 37. Be2 a4 38. Nd2 Re5 39. Bc4
Re7 40. f3 a3 41. b4 Bc3 42. Ne4 Bxb4 43. Kc2 Re5 44. Rb1 Rh5 45. Rxb4 Rxh2+
46. Kd3 h5 47. Rb8+ Ke7 48. Kd4 Rh3 49. Rb7+ Kd8 50. Ng5 Rh4+ 51. Kc5 Rh2 52.
Ne6+ Ke8 53. Kd6 Rd2+ 54. Bd5 1-0

[Event "SC Heideck/Hilpoltstein 1-SC 48/88 Erla"]
[Site "?"]
[Date "2014.10.12"]
[Round "2.2"]
[White "Kirchner, Norbert"]
[Black "Gloth, Gerrit"]
[Result "1-0"]
[WhiteElo "2013"]
[BlackElo "1870"]
[PlyCount "55"]
[EventDate "2014.??.??"]
[WhiteTeam "SC Heideck/Hilpoltstein 1"]
[BlackTeam "SC 48/88 Erlangen 3"]

1. e4 Nf6 2. e5 Nd5 3. Nc3 Nxc3 4. dxc3 d6 5. Bf4 Nc6 6. Bb5 Bd7 7. Nf3 g6 8.
Qe2 Nxe5 9. Nxe5 dxe5 10. Rd1 c6 11. Bxe5 Rg8 12. Bc4 e6 13. Qf3 Qa5 14. Bg3
Qf5 15. Qe3 Bc5 16. Qe2 O-O-O 17. O-O f6 18. a4 Rge8 19. a5 a6 20. Bxa6 Ba7 21.
b4 e5 22. Bc4 h5 23. b5 cxb5 24. Bxb5 g5 25. h4 gxh4 26. Bxh4 Rg8 27. Bxd7+
Rxd7 28. Qc4+ 1-0

[Event "SC Heideck/Hilpoltstein 1-SC 48/88 Erla"]
[Site "?"]
[Date "2014.10.12"]
[Round "2.3"]
[White "Weiss, Markus"]
[Black "Wegmann, Wolfgang"]
[Result "1-0"]
[WhiteElo "1844"]
[BlackElo "1901"]
[PlyCount "79"]
[EventDate "2014.??.??"]
[WhiteTeam "SC 48/88 Erlangen 3"]
[BlackTeam "SC Heideck/Hilpoltstein 1"]

1. d4 Nf6 2. c4 e6 3. Nc3 d5 4. cxd5 exd5 5. Bg5 Be7 6. e3 c6 7. Bd3 O-O 8. Qc2
Nbd7 9. Nge2 Re8 10. O-O Nf8 11. f3 h6 12. Bh4 a6 13. Bf2 c5 14. Ng3 cxd4 15.
exd4 Bd6 16. Qb3 Bb8 17. a4 Qd6 18. Rfe1 Ne6 19. Nce2 g6 20. Nf1 Ba7 21. a5 b5
22. Kh1 Bb7 23. Qc2 Rac8 24. Qd2 Kh7 25. Rac1 Ng8 26. h4 Ne7 27. h5 Kg7 28.
hxg6 fxg6 29. Bg3 Qd7 30. Be5+ Kh7 31. Rxc8 Rxc8 32. Nfg3 Ng7 33. Nf4 Ngf5 34.
Nxf5 Nxf5 35. g4 Ne7 36. Nh5 Ng8 37. Bxg6+ Kxg6 38. Qd3+ Kf7 39. Qh7+ Ke8 40.
Bf6+ 1-0

[Event "SC Heideck/Hilpoltstein 1-SC 48/88 Erla"]
[Site "?"]
[Date "2014.10.12"]
[Round "2.4"]
[White "Korth, Manfred"]
[Black "Albrecht, Thorsten"]
[Result "1-0"]
[WhiteElo "1833"]
[BlackElo "1827"]
[PlyCount "120"]
[EventDate "2014.??.??"]
[WhiteTeam "SC Heideck/Hilpoltstein 1"]
[BlackTeam "SC 48/88 Erlangen 3"]

1. Nf3 f5 2. d4 Nf6 3. h3 d6 4. Bf4 g6 5. e3 Bg7 6. Bc4 e6 7. Nbd2 Qe7 8. Qe2
d5 9. Bd3 c6 10. c4 Nbd7 11. c5 Ne4 12. Rc1 Ndf6 13. Ne5 Nxd2 14. Qxd2 Nd7 15.
Nxd7 Bxd7 16. Bd6 Qd8 17. O-O Kf7 18. f3 Re8 19. f4 Bf8 20. Bxf8 Rxf8 21. b4
Qh4 22. Qf2 Qxf2+ 23. Kxf2 a5 24. a3 axb4 25. axb4 Ra3 26. Rfd1 Rfa8 27. Rb1
Kf6 28. Rd2 h6 29. b5 R8a5 30. bxc6 Bxc6 31. Ke2 Rc3 32. Rc2 Rca3 33. Rcb2 Rc3
34. Rb3 Ra2+ 35. Kf3 Rxb3 36. Rxb3 Ra5 37. g4 g5 38. Rb2 Ra3 39. Bb5 fxg4+ 40.
hxg4 Ra7 41. Bxc6 bxc6 42. Rb8 Rc7 43. Rd8 Kg6 44. Rd6 Kf6 45. f5 Re7 46. Rxc6
h5 47. gxh5 Kxf5 48. Rc8 g4+ 49. Kg3 Ke4 50. Kxg4 Rg7+ 51. Kh4 Kxe3 52. h6 Rg1
53. Kh5 Kxd4 54. h7 Rh1+ 55. Kg6 e5 56. c6 Kc5 57. c7 Kd6 58. h8=Q Rxh8 59.
Rxh8 Kxc7 60. Kf5 d4 1-0

[Event "SC Heideck/Hilpoltstein 1-SC 48/88 Erla"]
[Site "?"]
[Date "2014.10.12"]
[Round "2.5"]
[White "Haas, Maximilian"]
[Black "Ruderer, Thomas"]
[Result "0-1"]
[WhiteElo "1699"]
[BlackElo "1768"]
[PlyCount "106"]
[EventDate "2014.??.??"]
[WhiteTeam "SC 48/88 Erlangen 3"]
[BlackTeam "SC Heideck/Hilpoltstein 1"]

1. e4 e6 2. d4 d5 3. Nc3 Nf6 4. Bg5 Be7 5. e5 Nfd7 6. h4 a6 7. Nf3 c5 8. Be3
Nc6 9. Ne2 cxd4 10. Nexd4 Ndxe5 11. Nxc6 Nxc6 12. c3 Bd7 13. Bd3 Rc8 14. Ng5 g6
15. f4 h6 16. Nf3 b5 17. a3 Qc7 18. g3 e5 19. fxe5 Nxe5 20. Bf4 Nxd3+ 21. Qxd3
Qc4 22. Qxc4 dxc4 23. Ne5 Be6 24. O-O-O Bf6 25. Rhe1 Rd8 26. Rxd8+ Bxd8 27.
Nxg6 Rg8 28. Ne5 Bc7 29. Rg1 f6 30. Nf3 Bxf4+ 31. gxf4 Rxg1+ 32. Nxg1 Bg4 33.
Kd2 Ke7 34. Ke3 Kd6 35. Kd4 Kc6 36. a4 Kd6 37. a5 Kc6 38. Ke4 Kc5 39. Ke3 b4
40. Ke4 Kb5 41. Kd4 bxc3 42. bxc3 Kxa5 43. Kxc4 Ka4 44. f5 a5 45. Kd4 Kb3 46.
c4 a4 47. c5 a3 48. Kd5 a2 49. c6 a1=Q 50. c7 Qe5+ 51. Kc6 Bxf5 52. Kb7 Qb5+
53. Ka7 Bc8 0-1

[Event "SC Heideck/Hilpoltstein 1-SC 48/88 Erla"]
[Site "?"]
[Date "2014.10.12"]
[Round "2.6"]
[White "Strnad, Alfred"]
[Black "Weber, Alexander"]
[Result "0-1"]
[WhiteElo "1869"]
[BlackElo "1800"]
[PlyCount "74"]
[EventDate "2014.??.??"]
[WhiteTeam "SC Heideck/Hilpoltstein 1"]
[BlackTeam "SC 48/88 Erlangen 3"]

1. e4 c6 2. d4 d5 3. exd5 cxd5 4. Bd3 Nc6 5. c3 Nh6 6. Qc2 g6 7. Bf4 Bg7 8. Nf3
Bf5 9. Qd2 Bxd3 10. Bxh6 Bxh6 11. Qxh6 Qb6 12. b3 f6 13. Qe3 Qa6 14. Nbd2 O-O-O
15. c4 Nb4 16. Rc1 Qxa2 17. cxd5+ Kb8 18. Nc4 Nc2+ 19. Rxc2 Qxc2 20. Qd2 Qb1+
21. Qd1 Qxd1+ 22. Kxd1 Rxd5 23. Kd2 Be4 24. Re1 Bxf3 25. gxf3 Rxd4+ 26. Kc3 e5
27. Ra1 b5 28. Ne3 Rc8+ 29. Kb2 Rd2+ 30. Kb1 Rc3 31. Ra6 Rxb3+ 32. Kc1 Rxf2 33.
Nd5 Rbxf3 34. Re6 Rxh2 35. Re8+ Kb7 36. Re7+ Kc6 37. Nb4+ Kd6 0-1

[Event "SC Heideck/Hilpoltstein 1-SC 48/88 Erla"]
[Site "?"]
[Date "2014.10.12"]
[Round "2.7"]
[White "Karataev, Phillip"]
[Black "Ruderer, Maximilian"]
[Result "1/2-1/2"]
[WhiteElo "1696"]
[BlackElo "1728"]
[PlyCount "86"]
[EventDate "2014.??.??"]
[WhiteTeam "SC 48/88 Erlangen 3"]
[BlackTeam "SC Heideck/Hilpoltstein 1"]

1. d4 d5 2. g3 Nf6 3. Bg2 c6 4. Nf3 g6 5. O-O Bg7 6. Bf4 O-O 7. Ne5 Nbd7 8. Nd2
Nxe5 9. dxe5 Nh5 10. Nf3 Nxf4 11. gxf4 Bg4 12. c3 Bh6 13. e3 Qd7 14. Qb3 Rab8
15. Rad1 Bh3 16. Ne1 Qg4 17. a4 Kh8 18. f3 Qh5 19. Qc2 Rg8 20. Bxh3 Qxh3 21.
Qg2 Qxg2+ 22. Kxg2 e6 23. Kf2 b5 24. axb5 Rxb5 25. Nd3 c5 26. b4 c4 27. Nc5 a5
28. Na6 Rb6 29. b5 Rxb5 30. Rb1 Rxb1 31. Rxb1 Ra8 32. Nc5 a4 33. Ra1 a3 34. Nb7
Bf8 35. Nd6 Kg7 36. Ke2 f6 37. Kd2 fxe5 38. fxe5 Bxd6 39. exd6 Kf7 40. e4 Ke8
41. e5 Kd7 42. Ke3 g5 43. Kd4 Kc6 1/2-1/2

[Event "SC Heideck/Hilpoltstein 1-SC 48/88 Erla"]
[Site "?"]
[Date "2014.10.12"]
[Round "2.8"]
[White "Oberhofer, Marc"]
[Black "Wegmann, Sven"]
[Result "1-0"]
[WhiteElo "1731"]
[BlackElo "1626"]
[PlyCount "64"]
[EventDate "2014.??.??"]
[WhiteTeam "SC Heideck/Hilpoltstein 1"]
[BlackTeam "SC 48/88 Erlangen 3"]

1. e4 c5 2. c3 b6 3. g3 Bb7 4. Bg2 Nf6 5. d3 e5 6. Ne2 d5 7. exd5 Bxd5 8. O-O
Bxg2 9. Kxg2 Nc6 10. c4 Be7 11. Nbc3 O-O 12. Be3 Qd7 13. a3 Rfd8 14. Qa4 Qb7
15. Kg1 Rxd3 16. Rfd1 Rdd8 17. Nd5 Nd4 18. Nec3 Rd7 19. b4 Nxd5 20. Nxd5 Bf8
21. Rab1 cxb4 22. Bxd4 exd4 23. axb4 b5 24. Qc2 bxc4 25. Nf4 Rc8 26. b5 Rc5 27.
Rb4 Qc8 28. Qe4 Qd8 29. Ne2 Bd6 30. Qxd4 Be7 31. Qxd7 Qxd7 32. Rxd7 c3 1-0

[Event "SC 48/88 Erlangen 3-SG Muehlhof-R'dorf/"]
[Site "?"]
[Date "2014.11.16"]
[Round "3.1"]
[White "Ahmels, Christian"]
[Black "Duerr, Florian"]
[Result "0-1"]
[WhiteElo "2050"]
[BlackElo "2004"]
[PlyCount "78"]
[EventDate "2014.??.??"]
[WhiteTeam "SG Mühlhof-R'dorf/Schw. 1"]
[BlackTeam "SC 48/88 Erlangen 3"]

1. e4 e6 2. d4 d5 3. e5 c5 4. c3 Nc6 5. Nf3 Qb6 6. Be2 cxd4 7. cxd4 Nge7 8. Nc3
Nf5 9. Na4 Qa5+ 10. Kf1 Bd7 11. Bd2 Qd8 12. Bc3 b5 13. Bxb5 Nxe5 14. Nxe5 Bxb5+
15. Kg1 Be7 16. b4 O-O 17. Nc5 a5 18. h4 Re8 19. Rh3 axb4 20. Bxb4 Bxc5 21.
Bxc5 f6 22. Nd3 e5 23. Qg4 Bd7 24. dxe5 Nh6 25. Qf4 fxe5 26. Nxe5 Bxh3 27. gxh3
Qf6 28. Qxf6 gxf6 29. Nd7 Kf7 30. a4 Ra6 31. a5 Rd8 32. Nb6 Nf5 33. f3 Ne7 34.
Be3 Nc6 35. Bd2 d4 36. Na4 Rd5 37. Rc1 Nxa5 38. Rc7+ Kg6 39. Nc5 Rc6 0-1

[Event "SC 48/88 Erlangen 3-SG Muehlhof-R'dorf/"]
[Site "?"]
[Date "2014.11.16"]
[Round "3.2"]
[White "Zhao, Kevin"]
[Black "Greul, Hans"]
[Result "0-1"]
[WhiteElo "2006"]
[BlackElo "1996"]
[PlyCount "42"]
[EventDate "2014.??.??"]
[WhiteTeam "SC 48/88 Erlangen 3"]
[BlackTeam "SG Mühlhof-R'dorf/Schw. 1"]

1. e4 e6 2. d4 d5 3. exd5 exd5 4. Nf3 Nf6 5. Bg5 Bd6 6. c4 O-O 7. cxd5 Re8+ 8.
Be2 Qe7 9. Nc3 Bb4 10. a3 Bxc3+ 11. bxc3 b6 12. Bxf6 gxf6 13. Kf1 Qe4 14. c4
Bf5 15. Ra2 Nd7 16. Rd2 Qf4 17. h3 Re7 18. g3 Qd6 19. Bd3 Be4 20. Bxe4 Rxe4 21.
Qc2 Rae8 0-1